00414cam a22001217a 4500008004000000082002200040100001800062245008900080260006300169300000800232650003000240650002200270180718b2009 xxu||||| |||| 00| 0 eng d aAPPPA 2008-09/SHA aSharma, Richa aEnsuring quality basic education in India: status, gaps and lessonscby Richa Sharma aNew DelhibIndian Institute of Public Administrationc2009 a79p aPrimary education - India aEducation - India